| 000 | 04901njm0a2200697 4500 | ||
|---|---|---|---|
| 001 | RU\NLR\ONIZ\309580 | ||
| 005 | 20260315072854.0 | ||
| 035 | _a(NLR Aleph) 022751124 | ||
| 071 | 0 | 0 | _aС10-06773-06778 |
| 090 |
_a13635007 _c13635007 |
||
| 100 | _a20260315 rusy50 | ||
| 102 | _aRU | ||
| 126 |
_aabbxexu ux _bxxx |
||
| 127 | _a001350 | ||
| 200 | 1 |
_aСтрасти по Иоанну _bЗвукозапись _eBWV 244 _fИ. С. Бах _gисполняют : [солисты], Юрий Семенов, орган, Камерный хор, художественный руководитель В. Нестеров, Камерный оркестр Ленинградской государственной филармонии, художественный руководитель Л. Шиндер, дирижёр Аркадий Штейнлухт |
|
| 203 |
_aМузыка _bисполнительская _cаудио |
||
| 210 |
_aМосква _cМелодия _gВсесоюзная студия грамзаписи _eМосква _d[19--] |
||
| 215 |
_a3 грп. [ГОСТ 5289-73] (135 мин) : 33 об/мин, стерео _d30 см, в коробке _eприл. (1 с.) |
||
| 300 | _aИсполняется на немецком языке | ||
| 323 | _aСолисты : Валентина Козырева, сопрано, Людмила Филатова, альт, Константин Никитин, тенор, Владимир Панкратов, баритон, Гурий Антипов, бас. | ||
| 606 | 1 |
_aКомпозиторы зарубежные _yГермания _z17-18 вв. _jЗвукозапись _2nlr_sh _7ca |
|
| 606 | 1 |
_aПроизведения для хора, камерного оркестра и органа _jЗвукозапись _2nlr_sh |
|
| 606 | 1 |
_aСопрано российские _z20-21 вв. _jЗвукозапись _2nlr_sh |
|
| 606 | 1 |
_aМеццо-сопрано советские российские _z20-21 вв. _jЗвукозапись _2nlr_sh |
|
| 606 | 1 |
_aТенора советские российские _z20-21 вв. _jЗвукозапись _2nlr_sh |
|
| 606 | 1 |
_aБаритоны советские российские _z20-21 вв. _jЗвукозапись _2nlr_sh |
|
| 606 | 1 |
_aБасы советские российские _z20-21 вв. _jЗвукозапись _2nlr_sh |
|
| 606 | 1 |
_aОрганисты советские и российскиие _z20-21 вв. _jЗвукозапись _2nlr_sh |
|
| 606 | 1 |
_aДирижеры советские и российские _z20-21 вв. _jЗвукозапись _2nlr_sh |
|
| 606 | 1 |
_aПевцы советские _yСССР _z20 век _jЗвукозапись _2nlr_sh |
|
| 686 | 0 | _aЩ962(4Г) | |
| 700 | 1 |
_9z01790 _aБах _bИ. С. _f1685 - 1750 _gИоганн Себастьян _4230 _7ca |
|
| 702 | 1 |
_9z02790 _aКозырева _bВ. _cсопрано _f1933- _gВалентина _4590 _7ca |
|
| 702 | 1 |
_9z03790 _aФилатова _bЛП. _cмеццо-сопрано _f1935- _gЛюдмила Павловна _4590 _7ca |
|
| 702 | 1 |
_9z04790 _aНикитин _bК. _gКонстантин _4590 |
|
| 702 | 1 |
_9z05790 _aПанкратов _bВ. _cбас _gВладимир _4590 _7ca |
|
| 702 | 1 |
_9z06790 _aАнтипов _bГ. В. _cбас _f1935-1999 _gГурий Владимирович _4590 _7ca |
|
| 702 | 1 |
_9z07790 _aСемёнов _bЮ.Н. _cорган _f1953- _gЮрий Николаевич _4590 _7ca |
|
| 702 | 1 |
_9z08790 _aШиндер _bЛ. Н. _cскрипка _cдирижёр _f1927-1999 _gЛев Наумович _4250 _7ca |
|
| 702 | 1 |
_9z09790 _aНестеров _bВ. И. _cдирижёр _f1945- _gВалентин Иванович _4250 _7ca |
|
| 702 | 1 |
_9z10790 _aШтейнлухт _bА. М. _cдирижер _f1949- _gАркадий Матвеевич _4250 _7ca |
|
| 712 | 0 | 2 |
_aКамерный хор _4590 _7ca |
| 712 | 0 | 2 |
_aКамерный оркестр Ленинградской государственной филармонии _4590 _7ca |
| 790 | 1 |
_9z01700 _aBach _bJ. S. _f1685 - 1750 _gJohann Sebastian _4230 |
|
| 790 | 1 |
_9z02702 _aKozyreva _bV. _csoprano _f1933- _gValentina _4590 _7ba |
|
| 790 | 1 |
_9z03702 _aFilatova _bL. P. _cmezzo-soprano _f1935- _gLjudmila Pavlovna _4590 _7ba |
|
| 790 | 1 |
_9z04702 _aNikitin _bK. _gKonstantin _4590 |
|
| 790 | 1 |
_9z05702 _aPankratov _bV. _cbass _gVladimir _4590 _7ba |
|
| 790 | 1 |
_9z06702 _aAntipov _bG. V. _cbass _f1935-1999 _gGuriy Vladimirovich _4590 _7ba |
|
| 790 | 1 |
_9z07702 _aSemenov _bYu. _corgan _f1953- _gYuri _4590 _7ba |
|
| 790 | 1 |
_9z08702 _aŠinder _bL. _f1927-1999 _gLev _4250 _7ba |
|
| 790 | 1 |
_9z09702 _aNesterov _bV. _cconductor _f1945- _gValentin _4250 _7ba |
|
| 790 | 1 |
_9z10702 _aSteinlucht _bA. _f1949- _gArcady _4250 _7ba |
|
| 801 | 0 |
_aRU _bNLR _c20260305 _gPSBO |
|
| 801 | 1 |
_aRU _bNLR _c20260305 _2rusmarc |
|
| 801 | 2 |
_aRU _bNLR _c20260310 |
|
| 852 |
_aNLR _jМг 3/10978(1-3) _m45877-45879 _t1 |
||
| 942 | _cREC | ||
| 980 | _aONIZ | ||
| 980 | _aNB | ||